000 00594nam a2200217Ia 4500
003 GCL
008 140319s9999 xx 000 0 ara d
040 _aGCL /
_cGCL
082 0 4 _a709.2
_bا ف
100 1 _aاحمد احمد يوسف
245 1 0 _aالفنان محمد حسن /
_cاحمد احمد يوسف
300 _a144 ص
490 _aمشاهير الفنانين
_v0
650 0 4 _aالتراجم
650 0 4 _aالطباعة
650 0 4 _aالنحت
650 0 4 _aالتصوير
650 0 4 _aالفنانون - تراجم
650 0 4 _aمحمد حسن
942 _2ddc
_cBK
999 _c52110
_d52110